000 00782cam a2200277 4500
008 090401t1998 xxu||||| |||| 00| 0 eng d
020 _a1860812147
035 _a(Sirsi) u88270
041 _aeng
050 _a693.4
100 _aMoss, R.M.
245 _aEnergy efficient concrete walls using EPS permanent formwork.
260 _aLondon
_bConstruction Research Communications Ltd
_c1998
300 _a8p. : ill. ; 30cm.
350 _a0
490 _aBRE Information Paper
_vIP 9/98
650 _aENERGY EFFICIENCY
650 _aEXPANDED POLYSTYRENE
650 _aFORMWORK
690 _aBUILT ENVIRONMENT-BUILDING MATERIALS
700 _aArora, S.K.
700 _aChana, P.S.
710 _aBuilding Research Establishment
942 _n0
948 _c03/09/1998
999 _c97319
_d97319